|
|
|
|
| LEADER |
00000nab a2200000 a 4500 |
| 001 |
vtls000485120 |
| 003 |
SK-MaSNL |
| 005 |
20260303160922.0 |
| 008 |
230223c1992 xo 0 slo |
| 015 |
|
|
|a SNBRB19rr/mm-uuuuu
|
| 035 |
|
|
|a CL0485257
|
| 035 |
|
|
|a urn:nbn:sk:snk-ab75t3
|
| 035 |
|
|
|a (uuid)2a37ca18-67d2-4d14-8982-a9dd75942b44
|
| 035 |
|
|
|a (urnnbn)urn:nbn:sk:snk:ar-a070wd
|
| 035 |
|
|
|a (sysno)vtls000485120
|
| 040 |
|
|
|a SNKBUCL
|b slo
|c SNKBUCL
|e AACR2
|
| 041 |
0 |
|
|a slo
|
| 044 |
|
|
|a xo
|c SK
|
| 080 |
|
|
|a 311.21:061.3
|2 1981
|
| 100 |
1 |
|
|a Šalát, Marián
|4 aut
|9 557221
|
| 245 |
1 |
0 |
|a Medzinárodná vedecká konferencia v Poľsku k štatistike malých území
|c Marián Šalát
|
| 650 |
0 |
7 |
|a štatistika
|2 snkbucl
|9 778
|
| 650 |
0 |
7 |
|a zisťovanie štatistické
|2 snkbucl
|9 839441
|
| 655 |
|
7 |
|a články z novín a časopisov
|2 snkbucl
|9 267496
|
| 773 |
0 |
|
|t Slovenská štatistika a demografia
|g Č. 4 (1992), s. 71-73
|
| 850 |
|
|
|a Slovenská národná knižnica v Martine
|a MTA001
|
| 852 |
|
|
|a SNK
|b KIS3GCP
|
| 954 |
|
|
|a odborná, vedecká literatúra pôvodná (slovenská)
|2 lita
|
| 958 |
|
|
|a RK
|
| 958 |
|
|
|a OND
|
| 958 |
|
|
|a EUIPO
|
| 958 |
|
|
|a article27
|
| 992 |
|
|
|a RBX
|
| 999 |
|
|
|c 2047613
|d 2049543
|